000 00383nam a2200157Ia 4500
008 221030s9999 xx 000 0 und d
041 _aEnglish
082 _a105.23
100 _aS. L. Gupta
245 0 _aQuantum Mechanics
_cby S. L. Gupta, V. Kumar
260 _bJai prakash Nath Pub.
_aMeerut
_c2011
300 _a716
650 _aPhysics
700 _aV. Kumar
942 _cBK
999 _c10022
_d10022